[Event "2024 New Year TNM: 1200-1599"]
[Site "San Francisco"]
[Date "2024.01.16"]
[Round "2.21"]
[White "Harris, Clarence"]
[Black "Hollon, Nick"]
[Result "0-1"]
[WhiteElo "1400"]
[BlackElo "1341"]
[Annotator "Winslow,Elliott"]
[PlyCount "102"]

1. e4 c5 2. Nc3 a6 3. g3 e5 4. Bg2 Nf6 5. Nd5 Be7 6. Nxe7 Qxe7 7. d3 d6 8. Nf3 O-O 9. O-O b5 10. Re1 Bb7 11. Bg5 Nbd7 12. Nh4 h6 13. Nf5 Qe6 14. Bh3 Kh7 15. Bxf6 Nxf6 16. Kg2 Bc8 17. Qd2 Ng8 18. g4 g5 19. Ng3 Bb7 20. Qe2 Ne7 21. Nh5 a5 22. Qf3 f6 23. Ng3 Ng6 24. Qf5 Qxf5 25. Nxf5 Rad8 26. Kg1 Nf4 27. Bg2 d5 28. f3 dxe4 29. fxe4 c4 30. dxc4 Nxg2 31. Kxg2 Rd2+ 32. Kg3 bxc4 33. h4 Rxc2 34. hxg5 fxg5 35. Rh1 Rf6 36. Rad1 Bc6 37. Rd8 c3 38. b3 Rd2 39. Rxd2 cxd2 40. Rd1 Bxe4 41. Rxd2 Bxf5 42. gxf5 Rxf5 43. Rd7+ Kg6 44. Ra7 e4 45. Ra6+ Kh5 46. Re6 Rf4 47. Kg2 Kg4 48. Rxh6 Kf5 49. Rh8 e3 50. Re8 Re4 51. Rf8+ Kg4 0-1

[Event "2024 New Year TNM: 1200-1599"]
[Site "San Francisco"]
[Date "2024.01.16"]
[Round "2.22"]
[White "Karwat, Joseph"]
[Black "Aldenderfer, Kris K"]
[Result "0-1"]
[WhiteElo "1357"]
[BlackElo "1256"]
[Annotator "Winslow,Elliott"]
[PlyCount "106"]

1. e4 c5 2. c3 d5 3. e5 Nc6 4. d4 g6 5. Nf3 Bg4 6. Bb5 e6 7. Bxc6+ bxc6 8. Nbd2 cxd4 9. cxd4 Qb6 10. O-O Ne7 11. h3 Bxf3 12. Nxf3 Nf5 13. b3 c5 14. Bb2 cxd4 15. Nxd4 Nxd4 16. Bxd4 Qa6 17. Rc1 Ba3 18. Rc2 O-O 19. Bb2 Rfc8 20. Qe2 Qxe2 21. Rxe2 Bxb2 22. Rxb2 Rc3 23. Rd1 Rac8 24. g3 Kf8 25. Kg2 Ke7 26. Rdd2 Kd7 27. h4 Kc6 {[#]} 28. Rbc2 (28. Rd4 Kc5 29. Rf4 Rc7 30. Rd2 $11) 28... d4 29. Rxc3+ dxc3 30. Rc2 Kd5 31. Kf3 Kd4 32. Ke2 Rc5 33. f4 a5 34. Rc1 h5 35. Rd1+ Ke4 36. Rc1 Rc6 37. Re1 Rc7 38. Rc1 a4 39. bxa4 Kd4 40. Rd1+ Kc4 41. Rc1 Ra7 42. Rc2 Rxa4 43. Ke3 Rb4 44. Ke4 Rb2 45. Rc1 Re2+ 46. Kf3 Rxa2 47. Ke3 Rd2 48. Rb1 Rb2 49. Rc1 Kb3 50. Kd3 Rd2+ 51. Ke3 Kb2 52. Rg1 Rd5 53. Rg2+ c2 0-1

[Event "2024 New Year TNM: 1200-1599"]
[Site "San Francisco"]
[Date "2024.01.16"]
[Round "2.23"]
[White "Ahrens, Richard William"]
[Black "Fisher, Brett"]
[Result "0-1"]
[WhiteElo "1222"]
[BlackElo "1344"]
[PlyCount "98"]

1. e4 c6 2. Nf3 d5 3. exd5 cxd5 4. d4 Nc6 5. Nc3 Bg4 6. Be2 Nf6 7. h3 Bxf3 8. Bxf3 e6 9. O-O Bd6 10. Bg5 h6 11. Be3 O-O 12. a3 Qb6 13. b4 Rac8 14. Na4 Qc7 15. Nc5 Ne7 16. Rc1 Nf5 17. Re1 Nxe3 18. Rxe3 Bf4 19. Qe2 b6 20. Nd3 Bxe3 21. Qxe3 Qc3 22. Ne5 Qxe3 23. fxe3 Rc3 24. Kf2 Rfc8 25. Bd1 Ne4+ 26. Ke2 Rxa3 27. Nd3 Nc3+ 28. Kd2 Nxd1 29. Kxd1 a5 30. bxa5 Rxa5 31. Rb1 Rb8 32. c3 b5 33. Nb4 Rba8 34. Nc2 Rc8 35. Kd2 g5 36. g4 f5 37. Kd3 fxg4 38. hxg4 Kg7 39. Rh1 Ra4 40. Rg1 Rac4 41. Kd2 Rxc3 42. Rc1 b4 43. Kd1 b3 44. e4 Rxc2 45. exd5 Rxc1+ 46. Kd2 R8c3 47. d6 b2 48. d7 b1=Q 49. d8=Q Qc2# 0-1

[Event "2024 New Year TNM: u1200"]
[Site "San Francisco"]
[Date "2024.01.16"]
[Round "2.25"]
[White "Mackley, Merlin Ethan"]
[Black "Cardenas, Pablo E"]
[Result "1/2-1/2"]
[WhiteElo "741"]
[BlackElo "977"]
[Annotator "Winslow,Elliott"]
[PlyCount "57"]

1. e4 c5 2. c3 e6 3. d4 d5 4. e5 a6 5. a3 Nc6 6. Nf3 cxd4 7. cxd4 Be7 8. Be2 h5 9. O-O Bd7 10. b4 Na7 11. Nbd2 Nh6 12. Nb3 Nf5 13. Nc5 Bxc5 14. bxc5 Nb5 15. a4 Nc3 16. Qc2 Nxe2+ 17. Qxe2 Nh4 18. Bd2 Nxf3+ 19. Qxf3 Qh4 20. Be3 O-O-O 21. Qxf7 Rdf8 22. Qxg7 Rfg8 23. Qf7 Rxg2+ 24. Kxg2 Qg4+ 25. Kh1 Rg8 26. Bg5 (26. Rg1 $18) 26... Rxg5 27. Qf8+ Kc7 28. Qd6+ Kc8 29. Qf8+ 1/2-1/2

[Event "2024 New Year TNM: u1200"]
[Site "San Francisco"]
[Date "2024.01.16"]
[Round "2.26"]
[White "Halle, Zachary"]
[Black "Sangani, Nikhil"]
[Result "0-1"]
[WhiteElo "610"]
[BlackElo "1059"]
[Annotator "Winslow,Elliott"]
[PlyCount "30"]

1. e4 e5 2. Nf3 Nf6 3. Nc3 Nc6 4. d4 exd4 5. Nxd4 Bc5 6. Be3 Bxd4 7. Bxd4 d6 8. Bc4 O-O 9. O-O Re8 10. Bxf6 Qxf6 11. Re1 Ne5 12. Nd5 Qg6 13. Bb3 Bg4 14. Qd4 {[#]} Nf3+ 15. gxf3 Bh3+ 0-1

[Event "2024 New Year TNM: u1200"]
[Site "San Francisco"]
[Date "2024.01.16"]
[Round "2.27"]
[White "Singer, Andrew"]
[Black "Land, Sean"]
[Result "1-0"]
[WhiteElo "994"]
[BlackElo "868"]
[PlyCount "51"]

1. e4 c6 2. d4 d5 3. Nc3 dxe4 4. Nxe4 Bf5 5. Ng3 Bg6 6. Nf3 Nd7 7. h4 h5 8. Bd3 Bxd3 9. Qxd3 Ngf6 10. Bd2 e6 11. O-O-O c5 12. Rhe1 Qb6 13. d5 Nxd5 14. Qxd5 Be7 15. Qb3 Qc6 16. Qe3 Bf6 17. Bc3 b5 18. Bxf6 Nxf6 19. Rd2 O-O 20. Qe5 Rfd8 21. Red1 Rxd2 22. Rxd2 Rc8 23. Nxh5 Nxh5 24. Qxh5 Qa6 25. Kb1 f6 26. Rd7 1-0

[Event "2024 New Year TNM: u1200"]
[Site "San Francisco"]
[Date "2024.01.16"]
[Round "2.28"]
[White "Braithwaite, Andrew"]
[Black "Wilson, F Booth"]
[Result "0-1"]
[WhiteElo "616"]
[BlackElo "1128"]
[Annotator "Braithwaite,Andrew"]
[PlyCount "59"]

1. e4 e5 2. Nf3 Nc6 3. d4 exd4 4. Nxd4 Nf6 5. Nxc6 bxc6 6. e5 Qe7 7. Qe2 Nd5 8. Nd2 {Knowing opponent's online defense against the Scotch, I had prepared the first 7x moves (and saw EW mention them in his annotations of another Rd.1 game from U1200 section) and spent some time before the game deciding between 3x candidate moves here: c4, g3, or Nd2 with the latter seeming most natural for me, the idea being to swing some force back to the kingside with Nf3 and better support e5} d6 ({2700 players peep up:} 8... g6 9. c4 Nf4 10. Qe3 Ne6 11. b3 Bg7 12. Bb2 O-O 13. Ne4 d5 14. Nf6+ Bxf6 15. exf6 Qb4+ 16. Bc3 Qd6 17. O-O-O a5 18. h4 a4 19. b4 d4 20. Qh6 c5 21. Bd2 d3 22. h5 Qd4 23. Kb1 a3 24. Bc1 Qxc4 25. Rxd3 Ba6 26. hxg6 Qxd3+ 27. Bxd3 Bxd3+ 28. Ka1 Bxg6 29. f4 Rfb8 30. g4 Be4 31. f5 Rxb4 32. Qxh7+ {1-0 Erigaisi,A (2725)-Le,Q (2728) Julius Baer GenCup Prelim chess24.com INT rapid 2022 (3)}) (8... Bb7 $10) 9. Nf3 {Completing the maneuver} Bg4 10. c4 {Here I spent 15 minutes evaluating my options for saving the e5 pawn with exd6, ultimately deciding that I preferred to sacrifice the pawn for development} Bxf3 {[#]} 11. Qxf3 $146 ({Predecessor:} 11. gxf3 Nb6 12. f4 Nd7 13. Bg2 Nb8 14. O-O f5 15. Qc2 Qf7 16. Qb3 Nd7 17. Bxc6 Rd8 18. Re1 dxe5 19. Rxe5+ Be7 20. Qb5 Qg6+ 21. Kh1 Rf8 22. Bd2 Rf6 23. Bb4 {1-0 Mateus,M (2128)-Rua,N (1952) Puerto Boyaca op (Women) 2012 (8)}) 11... Qxe5+ 12. Be2 {The point of sacrificing the pawn on e5 is to get castled and put the question to Black: how are you planning to untangle your position?} Ne7 {Black needs to save the knight and defend the nasty fork Qxc6+ so the only candidates are Nb4/Ne7, with the former allowing Bf4 which arrives in time to defend the tempting fork Nc2+. Opponent opted for the latter which is still a positional win for me.} (12... Nb4 13. Bf4 Nc2+ $4 14. Kd1 {And Black is losing a piece}) 13. O-O $14 {At this point I felt I was better, even down a pawn} d5 {Defending the weak c6 pawn} 14. Rb1 {I wasn't sure how best to untangle my queenside, which feels like White's top priority in this position, so I opted to defend the b2 pawn and free up my bishop to come to b2 or f4. In retrospect, Bf4 might have been playable here anyways, meeting Qxb2 with Bxc7} (14. Bf4 Qxb2 $2 15. Bxc7 $16 {With my rooks connected and threats coming down the e-file}) 14... Nf5 15. Bf4 Qe6 {I honestly wasn't sure what Black's best saving move was here [SF says it's Qe4] but we were both halfway through our allotted clock time trying to work through these sharp positions} 16. Bd3 {Continuing to improve my pieces with a rook coming to e1 next [though SF prefers to bring a rook in immediately with computer-y ideas, or even play cxd5 which makes more sense to me as cxd5 allows the crushing Bb5+]} (16. cxd5 Qxd5 (16... cxd5 $4 17. Bb5+ Kd8 18. Rbe1 $18)) 16... Be7 17. Bxc7 {Finally winning the pawn back but again missing the power of cxd5 with a rook coming to e1 next} (17. cxd5 cxd5 18. Rfe1) 17... Nd6 18. Rfe1 Qd7 19. Ba5 {A retreating bishop move that also threatens Rxe7 by defending the e1 square for Rbe1} O-O {Black relieves the pressure down the e-file} 20. cxd5 cxd5 21. Qh5 $6 {And here is where I feel I threw away all my hard work, foregoing the patient Qxd5 in favor of a threat against h7 -- opponent and I were both down to 20 minutes on the clock and I saw Qh5 to pose him the question of how he wanted to weaken his kingside pawns before I came back to take d5. I think instead I gave him an opportunity to give his king some air (which mine, I later realized, was sorely lacking) and led myself down an incorrect attacking path} (21. Qxd5) 21... g6 22. Qh6 $2 {Again, I was low on time and saw I had pieces to aim at the king and my instincts were screaming "if I go back and take the pawn on e4, I'm not getting my king back to h6 so this is my only shot" but I don't control the key a1 diagonal so my attacking pieces are ultimately going to be too slow to reinforce the threat against Black's king. Time pressure is a cruel mistress!} (22. Qxd5) 22... Bf6 23. Bc3 {With Bg7 coming next, I need to get my queen out of there, lick my wounds and regroup, but instead I help opponent to trade off all the pressure I've built up} Bxc3 24. bxc3 Nf5 25. Bxf5 Qxf5 $10 {And now we're just in an equal heavy piece endgame where both players are under 10 minutes and anything can happen} 26. Rb7 Rfe8 (26... Rae8 27. Qd2 a5 28. Rb5 Rxe1+ 29. Qxe1 Qe4 30. Qxe4 dxe4 31. Rxa5 {0-1 Braithwaite,A (616)-Wilson,F (1128) 2024 New Year TNM: u1200 San Francisco 2023 (2.28) With both players under 5 minutes here, scorekeeping ceased; White got the a-pawn to a7 where it was blockaded, Black got his kingside majority marching against the White monarch. Both players were under 1 minute when White's flag went up. The janitor was only too happy to clear out the final game of the night.}) 27. Qd2 a5 28. Rb5 Rxe1+ 29. Qxe1 Qe4 30. Qxe4 {White lost on time.} 0-1

[Event "2024 New Year TNM: u1200 "]
[Site "San Francisco"]
[Date "2024.01.16"]
[Round "2.29"]
[White "Myers, Steven Lee"]
[Black "Langendorf, Brian Keith"]
[Result "1-0"]
[WhiteElo "979"]
[BlackElo "739"]
[PlyCount "49"]

1. e4 e5 2. Nf3 Nc6 3. Bc4 Nf6 4. d3 Bc5 5. Nxe5 Nxe5 6. d4 Nxc4 7. dxc5 O-O 8. Qd4 d5 9. Bg5 dxe4 10. Qxc4 Be6 11. Qb4 Qd5 12. Bxf6 gxf6 13. Nc3 Qc6 14. O-O-O e3 15. fxe3 Qxg2 16. Rhg1 Qg5 17. h4 Qg6 18. Rxg6+ fxg6 19. Qxb7 Bg4 20. Rg1 f5 21. Qd5+ Kg7 22. Qe5+ Kf7 23. Qxc7+ Ke6 24. Qxh7 Bh5 25. Qb7 1-0

[Event "2024 New Year TNM: Extra Rated"]
[Site "San Francisco"]
[Date "2024.01.16"]
[Round "2"]
[White "Marvin, Hayes Alexander"]
[Black "Casares, Nick Jr"]
[Result "1-0"]
[WhiteElo "1649"]
[BlackElo "1600"]
[PlyCount "81"]

1. d4 d5 2. Nf3 Nf6 3. Bf4 e6 4. e3 Bd6 5. Bg5 h6 6. Bxf6 Qxf6 7. Nbd2 Nd7 8. e4 dxe4 9. Nxe4 Qe7 10. Bd3 Bb4+ 11. c3 Ba5 12. O-O c5 13. dxc5 Bc7 14. Bb5 O-O 15. b4 a6 16. Ba4 b5 17. Bc2 Bb7 18. Nd4 Bxh2+ 19. Kxh2 Qh4+ 20. Kg1 Bxe4 21. Bxe4 Qxe4 22. Re1 Qd5 23. Qc2 Nf6 24. Rad1 Qb7 25. c4 bxc4 26. Qxc4 Qc7 27. a4 Qf4 28. g3 Qg4 29. Qe2 Qh3 30. Nc6 Ng4 31. Qf3 Qh2+ 32. Kf1 Qh5 33. Qe4 Nh2+ 34. Kg2 f5 35. Qxe6+ Kh8 36. Ne5 Rf6 37. Qd5 Raf8 38. Nd7 Qg4 39. Nxf6 gxf6 40. Rd4 Qg5 41. Kxh2 1-0